Loading...
Literature - World Literature | 3 | 4 | 2 | 0 | 75 | 44 | 75.86 | 4 | 7 |
Philosophy | 3 | 3 | 0 | 0 | 75 | 20 | 64.00 | 5 | 5 |
Literature - European Literature | 0 | 7 | 1 | 1 | 65 | 81 | 98.86 | 1 | 7 |
Auditory Arts | 3 | 2 | 0 | 0 | 65 | 47 | 68.20 | 5 | 5 |
History - Other History | 2 | 1 | 0 | 0 | 40 | 54 | 75.00 | 2 | 3 |
Literature - British Literature | 0 | 4 | 0 | 0 | 40 | 98 | 114.25 | 1 | 4 |
History - World History | 0 | 4 | 1 | 0 | 35 | 71 | 85.25 | 4 | 4 |
Beliefs | 0 | 3 | 0 | 1 | 30 | 79 | 102.00 | 1 | 2 |
Visual Arts | 0 | 3 | 1 | 0 | 25 | 94 | 105.67 | 1 | 3 |
Social Science | 0 | 3 | 2 | 0 | 20 | 101 | 109.67 | 0 | 3 |
Literature - American Literature | 0 | 2 | 1 | 0 | 15 | 113 | 121.00 | 0 | 2 |
Science - Other Science | 1 | 0 | 0 | 0 | 15 | 74 | 74.00 | 0 | 1 |
History - Ancient History | 0 | 1 | 0 | 0 | 10 | 83 | 83.00 | 0 | 1 |
History - American History | 0 | 1 | 0 | 0 | 10 | 130 | 130.00 | 0 | 1 |
Fine Arts - Other Arts | 0 | 1 | 0 | 0 | 10 | 105 | 105.00 | 1 | 1 |